| 000 | 00466nam a2200169 a 4500 | ||
|---|---|---|---|
| 020 | _a(hb) | ||
| 082 |
_a954.031 _bHAR |
||
| 100 | 1 |
_aHardinge, Charles Viscount _950340 |
|
| 245 | 1 | _aRulers of India Viscount Harding | |
| 260 |
_aOxford : _bClarendon Press, _c1892. |
||
| 300 | _a196p. | ||
| 526 |
_a0 _b0 _c0 _d954_031000000000000_HAR |
||
| 526 |
_a0 _b0 _c0 _d954_031000000000000_HAR |
||
| 650 | 0 |
_aIndia -- History. _96814 |
|
| 650 | 0 |
_aMCE _9379 |
|
| 942 |
_2ddc _cBK |
||
| 999 |
_c553119 _d553119 |
||